书目信息 |
| 题名: |
2011年卫星遥感应用技术交流论文集
|
|
| 作者: | 杨军 主编 | |
| 分册: | ||
| 出版信息: | 北京 气象出版社 2012.03 |
|
| 页数: | 226页 | |
| 开本: | 26cm | |
| 丛书名: | ||
| 单 册: | ||
| 中图分类: | TP72-53 | |
| 科图分类: | ||
| 主题词: | 卫星遥感--文集 , 卫星遥感 | |
| 电子资源: | ||
| ISBN: | 978-7-5029-5407-9 | |
| 000 | 00852nam0 2200253 450 | |
| 001 | 005320943 | |
| 005 | 20130609084611.93 | |
| 010 | @a978-7-5029-5407-9@dCNY68.00 | |
| 035 | @a005787865 | |
| 100 | @a20120530d2012 em y0chiy0110 ea | |
| 101 | 0 | @achi |
| 102 | @aCN@b110000 | |
| 105 | @aa z 000yy | |
| 106 | @ar | |
| 200 | 1 | @a2011年卫星遥感应用技术交流论文集@92011 nian wei xing yao gan ying yong ji shu jiao liu lun wen ji@f杨军主编 |
| 210 | @a北京@c气象出版社@d2012.03 | |
| 215 | @a226页@c图@d26cm | |
| 330 | @a本书内容包括:卫星资料在天气、气候、数值预报、农业、生态环境、自然灾害监测等各领域的应用,以及卫星资料处理和产品开发等方面的技术总结和讨论。 | |
| 606 | 0 | @a卫星遥感@j文集 |
| 606 | 0 | @a卫星遥感 |
| 690 | @aTP72-53@v5 | |
| 701 | 0 | @a杨军@9yang jun@c(气象,@f1964.6~)@4主编 |
| 801 | 0 | @aCN@bNLC@c20120824 |
| 905 | @dTP72-53@e38 | |
| 2011年卫星遥感应用技术交流论文集/杨军主编.-北京:气象出版社,2012.03 |
| 226页:图;26cm |
| ISBN 978-7-5029-5407-9:CNY68.00 |
| 本书内容包括:卫星资料在天气、气候、数值预报、农业、生态环境、自然灾害监测等各领域的应用,以及卫星资料处理和产品开发等方面的技术总结和讨论。 |
| ● |
| 相关链接 |
|
|
|
|
正题名:2011年卫星遥感应用技术交流论文集
索取号:TP72-53/38
 
预约/预借
| 序号 | 登录号 | 条形码 | 馆藏地/架位号 | 状态 | 备注 |
| 1 | 0545941 | 205459412 | 第二样本阅览室/ [索取号:TP72-53/38] | 在馆 | |
| 2 | 0545942 | 205459421 | 第三借阅区/ [索取号:TP72-53/38] | 在馆 | |
| 3 | 0545943 | 205459430 | 第三借阅区/ [索取号:TP72-53/38] | 在馆 | |
| 4 | 0545944 | 205459449 | 第三借阅区/ [索取号:TP72-53/38] | 在馆 | |
| 5 | 0545945 | 205459458 | 第三借阅区/ [索取号:TP72-53/38] | 在馆 |